| 000 | 00577nam a22002177a 4500 | ||
|---|---|---|---|
| 003 | OSt | ||
| 005 | 20140310182314.0 | ||
| 008 | 130920t xxu||||| |||| 00| 0 eng d | ||
| 020 | _a9780439689830 | ||
| 050 |
_aPN 6163 _b.L693 2004 |
||
| 082 |
_aGS 818.02 _bL72 2004 |
||
| 245 | _aLi'l book o' big laughs / | ||
| 260 |
_aU.S.A : _bScholastic Inc, _cc2004. |
||
| 300 |
_a96 p. : _bill. ; _c18 cm. |
||
| 650 |
_aWit and humor, Juvenile. _914730 |
||
| 650 |
_aRiddles. _910954 |
||
| 650 |
_aJokes. _910953 |
||
| 942 |
_2lcc _cBK-GS |
||
| 999 |
_c11719 _d11719 |
||